Quizzes
Events
Quiz Creation
Community
Videos
Private Events
Remove Ads
Sign In
Join for FREE
Feedback
Dark Mode
Quiz Categories
Sports
Geography
Music
Movies
Television
Just For Fun
Miscellaneous
History
Literature
Language
Science
Gaming
Entertainment
Religion
Holiday
For Kids
Quiz Lab
Recent
Popular Today
Quiz Kudos Today
Editor Picks
Curator Picks
Quizzes by...
Day
Popularity
Type
Ratings
Length
Year
Community
Subscriptions
Recent Discussions
Orange Saloon
Badges
Playlists
Quests
Create
Leaderboards
Showdown
Live 5
Trivia Bingo
Activity
Puzzle Library
Sporcle Events
Private Events
Virtual Trivia
Globe League
Become a Host
Pub Owners
SporcleCon
Opinionation
Our Games
Videos
Blog
Mobile Apps
Partnerships
Remove Ads and Go Orange
Feedback
Movies
Disney
Marvel Cinematic Universe
Movie Resume
Movie Titles
Oscar
Actor
Actress
Director
Pixar
Role
Movie Quotes
Movie Characters
Box Office
Nominee
Best Picture
Star Wars
James Bond
Horror Movies
Movies
Disney
Marvel Cinematic Universe
Movie Resume
Movie Titles
Oscar
Actor
Actress
Director
Pixar
Role
Movie Quotes
Movie Characters
Box Office
Nominee
Best Picture
Star Wars
James Bond
Horror Movies
Random Quiz
Search Sporcle
×
Quiz Lab
Quiz Lab
Movies
Director
Type in answers that appear in a list
Type in answers that appear in a list
Classic
Best Score? Go Orange.
TSPDT Top 250 Directors (2013 edition) Stats
Can you name the TSPDT Top 250 Directors (2013 version)?
By
ray7
20m
250 Questions
522 Plays
522 Plays
522 Plays
Comments
Comments
Give Quiz Kudos
Give Quiz Kudos
-
- Ratings
hide this ad
More Info
Replay
Link that replays current quiz
Next Quiz
Link to next quiz in quiz playlist
You Got
0%
They Got
Avg Score
63%
Avg Friend Score
Upgrade to see
Score Distribution
Jump to the score distribution portion of the page
Score
0/250
Timer
20:00
0
Plays Today
Rank
Director
% Correct
3
Stanley Kubrick
99%
1
Alfred Hitchcock
98.9%
9
Francis Ford Coppola
98.9%
2
Orson Welles
98.5%
12
Martin Scorsese
98.5%
31
Steven Spielberg
97.9%
15
Charlie Chaplin
96.2%
97
Clint Eastwood
96.2%
4
Federio Fellini
95.8%
8
Akira Kurosawa
95.8%
33
Woody Allen
95.6%
7
John Ford
95.4%
203
Ang Lee
95.2%
101
Spike Lee
95%
18
Billy Wilder
94.3%
109
George Lucas
94.3%
28
David Lynch
93.7%
38
Roman Polanski
93.3%
78
Quentin Tarantino
92.9%
103
Paul Thomas Anderson
92.7%
111
James Cameron
92.7%
192
Lindsay Anderson
92.5%
27
David Lean
92.3%
10
Ingmar Bergman
92.1%
50
Ridley Scott
92.1%
185
Oliver Stone
91.8%
68
Coen Brothers
91.6%
88
Miloš Forman
91.4%
22
Fritz Lang
90.8%
39
Sergio Leone
90%
47
Buster Keaton
89.7%
5
Jean-Luc Godard
89.5%
24
François Truffaut
89.1%
171
Robert Zemeckis
88.9%
230
Peter Jackson
88.9%
23
Sergei Eisenstein
88.7%
6
Jean Renoir
88.5%
64
Frank Capra
88.5%
193
David Fincher
88.1%
100
Sidney Lumet
87.9%
232
King Hu
87.5%
49
John Huston
87.4%
198
Tim Burton
87%
79
Elia Kazan
86.6%
44
Robert Altman
86.4%
58
Michael Curtiz
86%
140
Terry Gilliam
86%
157
Michael Mann
85.6%
166
Anthony Mann
85.4%
43
Stanley Donen & Gene Kelly
85.2%
52
Werner Herzog
85.2%
90
David Cronenberg
85.2%
19
F.W. Murnau
84.3%
65
Victor Fleming
83.9%
195
Fei Mu
83.9%
60
Carol Reed
83.5%
128
William Friedkin
83.5%
107
Brian De Palma
83.1%
138
Michael Cimino
83.1%
20
Howard Hawks
83%
147
Mike Nichols
82.8%
93
William Wyler
82.6%
16
Andrei Tarkovsky
82.4%
57
Sam Peckinpah
82.4%
29
Vittorio De Sica
82%
11
Yasujiro Ozu
81.8%
42
D.W. Griffith
81.6%
48
Terrence Malick
81.4%
131
John Carpenter
81.2%
21
Michelangelo Antonioni
81%
36
John Cassavetes
81%
110
George A. Romero
81%
85
Lars von Trier
80.8%
218
Mel Brooks
80.5%
159
Rob Reiner
80.3%
123
Jane Campion
79.3%
188
Sydney Pollack
79.3%
236
John Hughes
78.9%
35
Satyajit Ray
78.7%
67
Nicholas Ray
78.7%
86
Joseph L. Mankiewicz
78.7%
95
Hayao Miyazaki
78.7%
13
Carl Theodor Dreyer
78.2%
244
Dennis Hopper
78.2%
Rank
Director
% Correct
32
Michael Powell & Emeric Pressburger
77.6%
45
Wong Kar-Wai
77.6%
135
Michael Powell
77.2%
205
Gus Van Sant
77%
14
Luis Buñuel
76.6%
215
Richard Linklater
75.5%
179
Peter Bogdanovich
75.1%
113
Pedro Almodóvar
74.9%
63
Krzysztof Kieslowski
74.7%
75
Wim Wenders
74.5%
176
Bob Fosse
74.5%
104
Michael Haneke
73.4%
197
George Roy Hill
73.4%
66
Vincente Minnelli
72.6%
89
George Cukor
72.2%
17
Robert Bresson
72%
214
John Woo
72%
30
Luchino Visconti
71.8%
59
Bernardo Bertolucci
71.5%
165
Tobe Hooper
71.1%
152
Robert Wise
70.9%
26
Roberto Rossellini
70.5%
122
Peter Weir
70.3%
148
Arthur Penn
70.1%
56
Jacques Tati
69.5%
25
Kenji Mizoguchi
69.3%
209
Paul Verhoeven
69.3%
70
Erich von Stroheim
68.6%
51
Rainer Werner Fassbinder
68.2%
54
Pier Paolo Pasolini
68%
37
Ernst Lubitsch
67.8%
201
Fred Zinnemann
67.6%
196
John Schlesinger
67%
62
Preston Sturges
66.7%
69
Leo McCarey
66.5%
74
Nicolas Roeg
66.3%
143
James Whale
66.3%
141
Mike Leigh
65.7%
164
Tod Browning
65.7%
200
Harold Ramis
65.7%
125
Jim Jarmusch
65.1%
137
Hal Ashby
64.9%
162
John Boorman
64.8%
34
Jean Vigo
64.6%
83
Jean-Pierre Melville
64.6%
118
Otto Preminger
64.4%
40
Alain Resnais
63.4%
41
Max Ophüls
63%
237
Marcel Ophüls
63%
231
Dario Argento
62.6%
102
King Vidor
61.3%
72
Douglas Sirk
60%
119
Ken Loach
60%
55
Chris Marker
59.8%
146
Louis Malle
59.6%
233
Alan J. Pakula
59.6%
156
George Stevens
59.4%
127
Henri-Georges Clouzot
58.4%
61
Marcel Carné
58.2%
71
Béla Tarr
58.2%
82
Josef von Sternberg
57.1%
106
Jean Cocteau
56.7%
133
Andy Warhol
56.5%
53
Dziga Vertov
56.3%
91
Jacques Tourneur
55.9%
177
Robert Wiene
55.7%
145
Zhang Yimou
55.4%
238
Peter Greenaway
55.2%
150
Samuel Fuller
55%
210
Leni Riefenstahl
54.6%
225
Robert Mulligan
54.4%
46
Abbas Kiarostami
54%
167
Georges Méliès
53.8%
180
Don Siegel
53.4%
77
Gillo Pontecorvo
53.3%
158
Robert Aldrich
53.3%
134
Merian C. Cooper & Ernest B. Schoedsack
53.1%
234
Sam Wood
52.9%
87
Eric Rohmer
52.3%
108
Abel Gance
52.1%
206
Ken Russell
52.1%
124
Alexander Mackendrick
51.9%
132
Raoul Walsh
51.7%
98
Claire Denis
51%
Rank
Director
% Correct
250
Alejandro Jodorowsky
50.4%
144
Agnès Varda
50.2%
76
Chantal Akerman
49.4%
115
Robert Flaherty
49.4%
130
Andrzej Wajda
49.2%
154
G.W. Pabst
48.9%
204
Errol Morris
48.9%
92
Jacques Demy
48.3%
189
Todd Haynes
47.7%
202
Kenneth Anger
46.9%
84
Claude Lanzmann
46.7%
96
Victor Erice
46.7%
172
Frank Borzage
46.7%
239
Claude Chabrol
46.7%
80
Jacques Rivette
46.4%
183
Emir Kusturica
46.4%
243
Giuseppe Tornatore
46.4%
126
Aleksandr Sokurov
46%
81
Edward Yang
45.4%
190
David Hand
45.4%
151
Nagisa Oshima
44.6%
184
Blake Edwards
43.9%
73
Hou Hsiao-Hsien
43.7%
94
Jean Eustache
43.3%
226
Bob Rafelson
43.1%
194
Charles Burnett
42.5%
191
Dardenne Brothers
42%
99
Theo Angelopoulos
41.8%
160
Terence Davies
40.8%
247
Masaki Kobayashi
40.8%
163
René Clair
40.2%
223
Jack Clayton
39.8%
227
Edgar G. Ulmer
39.8%
187
Victor Sjöström
39.7%
114
Michael Snow
39.5%
136
Elem Klimov
39.5%
168
Robert Hamer
38.7%
120
Alexander Dovzhenko
37.9%
228
Jerry Lewis
37.9%
139
Ousmane Sembene
37.5%
186
Georges Franju
37.5%
112
Sergei Parajanov
37.4%
211
Monte Hellman
37.4%
121
Mikio Naruse
36.8%
117
Stan Brakhage
36.4%
175
Joseph Losey
35.8%
217
Chen Kaige
35.8%
116
Glauber Rocha
35.6%
173
Humphrey Jennings
34.1%
212
Ermanno Olmi
34.1%
178
Shohei Imamura
33.9%
245
Seijun Suzuki
33.9%
161
Maya Deren
33.5%
235
Aki Kaurismäki
33%
155
Mikhail Kalatozov
32.6%
221
Jacques Becker
32.4%
229
Rouben Mamoulian
32.2%
213
Louis Feuillade
32%
142
Maurice Pialat
31.6%
129
Apichatpong Weerasethakul
31.4%
149
Ritwik Ghatak
31.4%
169
Tsai Ming-Liang
31.2%
170
Manoel de Oliveira
31.2%
181
Frederick Wiseman
31.2%
207
Jia Zhangke
31.2%
182
Ben Sharpsteen
30.7%
216
Francesco Rosi
30.3%
222
Peter Watkins
29.9%
153
Djibril Diop Mambéty
29.5%
248
Jonas Mekas
29.1%
199
Guru Dutt
28.4%
208
Luis García Berlanga
28.4%
105
Jean-Marie Straub & Danièle Huillet
28%
220
Jean Rouch
27.8%
249
Mark Sandrich
27.6%
174
Tomás Gutiérrez Alea
26.8%
242
Miklós Jancsó
26.1%
224
Boris Barnet
23.9%
241
Frantisek Vlácil
23.8%
240
Mohsen Makhmalbaf
23.4%
246
Dusan Makavejev
22.8%
219
Peter Kubelka
22.2%
Quiz Playlist
Details
Report
Send in Message
Add To Playlist
More Info:
The Top 250 film directors according to theyshootpictures.com
Classic:
Type in answers that appear in a list
Quiz Source
Last Updated: Feb 16, 2017
Quiz Scoreboard
CHALLENGE
Sign Up to Join the Scoreboard
Show All
Scores
Hide
Comments
May contain spoilers
Recently Published
NBA Finals Game Top Scorers (2010s)
by flibbidy
Sports
5m
Guess the 'R' Things in 3 Words
by MSUKent
Miscellaneous
3m
Actor to Badly Drawn Movie III
by MoMosMoProblems
Movies
5m
More to Explore
Quiz From the Vault
Featured Blog Post
Where Does Lost Luggage Go?
hide this ad
You Might Also Like...
Tags
Director Quiz
250
Filmmaking
Filmography
tspdt
Today's Top Quizzes in Movies
Browse Movies
hide this ad
Today's Top Quizzes in Director
Browse Director
Top Contributed Quizzes in Movies
1
Pixar Reveal II
2
How Long Is the Movie Title?
3
Pixar Reveal III
4
10 Quentin Tarantino Movies in Order
5
Adjectives in 00s Movies
6
Pixar Reveal IV
7
Movie Stars Gone to the Dogs
8
Adjectives in 10s Movies
9
Pixar Reveal V
10
Adjectives in 90s Movies
Explore More
Trending Topics
Marvel
Kpop
Crossword
Harry Potter
Disney
NBA
Anime
Soccer
WWE
Pokémon
Country
NFL
Song
Puzzle
The Office
hide this ad
More By:
ray7
Quiz
Plays
Rating
Category
Featured
Created
TSPDT Top 250 Directors (2015 edition)
2,038
4.56
Movies
Feb 21, 2015
Dauphiné Libéré 2006-2015 Top 30
1,160
5.00
Sports
Oct 5, 2015
Golden Globe Actor Nominees
841
4.57
Movies
Mar 9, 2012
Amstel Gold Race 2006-2015 Top 30
809
5.00
Sports
Sep 30, 2015
La Flèche Wallone 2006-2015 Top 30
741
Sports
Oct 2, 2015
Go to Creator's Profile
Score Distribution
Quiz Creator Spotlight
ray7
Follow
Send a Message
Quizzes Created
-
Created Quiz Play Count
-
More By This Creator
Popular Quizzes Today
1
Find the US States - No Outlines Minefield
2
Find the US States
3
The Countries of the World
4
10 Largest US States in Order
5
Find the Countries of Europe - No Outlines Minefield
6
US States
7
Guess the 'R' Things in 3 Words
8
NBA Finals Game Top Scorers (2010s)
More Movies Quizzes
Actresses 10-1 Movies V
Quiz Lab
Trending Quizzes
First Name TV: Leading Men
Match the Book to the Film II
3-Word Movies in 1 Word II
First Name TV: Leading Women Drama
Match the Book to the Film VI
Recently Updated
Women's Final Four Teams by Year
bhenderson79
Presidents Quartet II
eogle
Anything But Clue(do)
eogle
Anything But Oceanian Capitals
eogle
Anything But 7
eogle
Anything But Thing
eogle
Word Ladder: February 29
pecheneg
Song Title Questions
pecheneg
Women's NCAA Tournament #1 Seeds
pecheneg
Celebrity Mug Shots
pecheneg
Trending Topics
Marvel
Disney
Harry Potter
NBA
Anime
Kpop
Crossword
Country
The Office
Soccer
WWE
Song
Puzzle
NFL
Pokémon
Your Account Isn't Verified!
In order to create a playlist on Sporcle, you need to verify the email address you used during registration. Go to your
Sporcle Settings
to finish the process.
Report this User
Report this user for behavior that violates our
Community Guidelines
.
Details:
Send Report
Go to the Sporcle.com Mobile Site →
Comments